MDQL
is popping MORE tags! Check the
thread
!
Quizzes
Events
Quiz Creation
Community
Videos
Private Events
Remove Ads
Sign In
Join for FREE
Feedback
Dark Mode
Quiz Categories
Sports
Geography
Music
Movies
Television
Just For Fun
Miscellaneous
History
Literature
Language
Science
Gaming
Entertainment
Religion
Holiday
For Kids
Quiz Lab
Recent
Popular Today
Quiz Kudos Today
Editor Picks
Curator Picks
Quizzes by...
Day
Popularity
Type
Ratings
Length
Year
Community
Subscriptions
Recent Discussions
Orange Saloon
Badges
Playlists
Quests
Create
Leaderboards
Showdown
Live 5
Trivia Bingo
Activity
Puzzle Library
Sporcle Events
Private Events
Virtual Trivia
Globe League
Become a Host
Pub Owners
SporcleCon
Opinionation
Our Games
Videos
Blog
Mobile Apps
Partnerships
Remove Ads and Go Orange
Feedback
Sports
Athletes
MLB
NBA
NHL
NFL
Soccer
Sports Teams
WWE
NCAA
Football
Premier League
Basketball
Baseball
Hockey
Golf
Tennis
Cricket
Rugby
Auto Racing
Olympics
World Cup
Sports
Athletes
MLB
NBA
NHL
NFL
Soccer
Sports Teams
WWE
NCAA
Football
Premier League
Basketball
Baseball
Hockey
Golf
Tennis
Cricket
Rugby
Auto Racing
Olympics
World Cup
Random Quiz
Search Sporcle
×
Quiz Lab
Quiz Lab
Sports
City
Type in answers that appear in a list
Type in answers that appear in a list
Classic
Best Score? Go Orange.
FIFA World Cup Cities Stats
Can you name the cities in which at least one FIFA World Cup match was played?
By
Yesao
15m
181 Questions
87 Plays
87 Plays
87 Plays
Comments
Comments
Give Quiz Kudos
Give Quiz Kudos
-
- Ratings
hide this ad
More Info
Replay
Link that replays current quiz
Next Quiz
Link to next quiz in quiz playlist
You Got
0%
They Got
Avg Score
49%
Avg Friend Score
Upgrade to see
Score Distribution
Jump to the score distribution portion of the page
Score
0/181
Timer
15:00
0
Plays Today
Year
City
% Correct
1950
Rio de Janeiro
95.4%
2014
Rio de Janeiro
95.4%
1938*
Paris
93.1%
1974
West Berlin
93.1%
1998
Paris
93.1%
2006
Berlin
93.1%
1934
Rome
92%
1974
Munich
88.5%
2002
Seoul
88.5%
2006
Munich
88.5%
2014
Brasília
88.5%
1934
Milan
86.2%
1938
Marseille
86.2%
1966*
London
86.2%
1974
Hamburg
86.2%
1982*
Madrid
86.2%
1990
Milan
86.2%
1994
Pasadena
86.2%
1998
Marseille
86.2%
2006
Hamburg
86.2%
1950
São Paulo
85.1%
1982*
Barcelona
85.1%
1994
East Rutherford
85.1%
2014
São Paulo
85.1%
1934
Turin
83.9%
1934
Naples
83.9%
1990
Turin
83.9%
1990
Naples
83.9%
1994
Chicago
82.8%
1998
Lyon
82.8%
1970
Mexico City
81.6%
1978*
Buenos Aires
81.6%
1986*
Mexico City
81.6%
1966
Manchester
80.5%
1930*
Montevideo
79.3%
1974
Frankfurt am Main
79.3%
2006
Frankfurt am Main
79.3%
1958
Stockholm
78.2%
1966
Liverpool
78.2%
1994
Dallas
78.2%
2010*
Johannesburg
78.2%
1982*
Sevilla
77%
2010
Cape Town
77%
1934
Florence
75.9%
1990
Florence
75.9%
1938
Lille
74.7%
1938
Bordeaux
74.7%
1994
Foxborough
74.7%
1998
Bordeaux
74.7%
1982
Valencia
73.6%
1966
Birmingham
71.3%
1974
Dortmund
71.3%
2006
Dortmund
71.3%
1954
Zürich
70.1%
1962
Santiago
69%
1974
Stuttgart
69%
1994
Stanford
69%
2006
Stuttgart
69%
1994
Washington D.C.
66.7%
1954
Bern
65.5%
1990
Palermo
65.5%
Year
City
% Correct
1998
Nantes
65.5%
2002
Osaka
65.5%
1934
Genoa
64.4%
1982
Bilbao
64.4%
2010
Pretoria
64.4%
1990
Genoa
63.2%
1974
Gelsenkirchen
62.1%
2006
Gelsenkirchen
62.1%
1938
Toulouse
60.9%
1958
Gothenburg
60.9%
1998
Toulouse
60.9%
2006
Cologne
60.9%
1954
Geneva
59.8%
1970
Guadalajara
59.8%
1974
Hanover
59.8%
1986
Guadalajara
59.8%
2006
Hanover
59.8%
1958
Malmö
57.5%
1974
Düsseldorf
57.5%
2002
Yokohama
57.5%
2010
Durban
57.5%
1934
Bologna
56.3%
1990
Bologna
56.3%
1990
Bari
55.2%
1994
Pontiac
55.2%
2006
Leipzig
55.2%
1950
Belo Horizonte
52.9%
1982
Málaga
52.9%
2002
Busan
52.9%
2014
Belo Horizonte
52.9%
1998
Saint-Étienne
51.7%
1954
Basel
49.4%
1966
Sheffield
49.4%
2006
Nuremberg
49.4%
1950
Recife
48.3%
1966
Sunderland
48.3%
1994
Orlando
48.3%
1998
Lens
48.3%
2014
Recife
48.3%
1938
Strasbourg
47.1%
1990
Verona
47.1%
1990
Cagliari
47.1%
1986
Monterrey
46%
1998
Montpellier
46%
1982
A Coruña
44.8%
2002
Sapporo
44.8%
2014
Manaus
44.8%
1982
Zaragoza
43.7%
1950
Porto Alegre
42.5%
2014
Porto Alegre
42.5%
2002
Kobe
40.2%
1978
Córdoba
39.1%
2014
Salvador
36.8%
1982
Vigo
35.6%
1990
Rome
35.6%
2002
Daegu
35.6%
2010
Port Elizabeth
35.6%
2006
Kaiserslautern
34.5%
2010
Bloemfontein
34.5%
1990
Udine
33.3%
1982
Gijón
32.2%
Year
City
% Correct
2014
Fortaleza
31%
1954
Lausanne
29.9%
1966
Middlesbrough
29.9%
1978
Rosario
29.9%
1950
Curitiba
28.7%
2002
Incheon
28.7%
2014
Curitiba
28.7%
1982
Alicante
27.6%
1938
Le Havre
26.4%
1954
Lugano
26.4%
1958
Helsingborg
26.4%
1970
León
26.4%
1986
León
26.4%
1998
Saint-Denis
26.4%
1938
Reims
25.3%
1970
Puebla
25.3%
1982
Valladolid
25.3%
1986
Puebla
25.3%
1934
Trieste
24.1%
1982
Oviedo
24.1%
1958
Norrköping
20.7%
1982
Elche
20.7%
2014
Natal
20.7%
2002
Ulsan
19.5%
2014
Cuiabá
17.2%
1970
Toluca
16.1%
1978
Mendoza
16.1%
1986
Toluca
16.1%
1938
Antibes
12.6%
2002
Saitama
12.6%
2010
Rustenberg
12.6%
2010
Nelspruit
11.5%
1958
Örebro
10.3%
1958
Halmstad
10.3%
2002
Suwon
10.3%
2002
Gwangju
10.3%
2002
Daejeon
10.3%
2010
Polokwane
10.3%
1958
Västerås
9.2%
2002
Niigata
9.2%
1962
Viña del Mar
8%
1978
Mar del Plata
8%
1958
Borås
6.9%
2002
Ōita
6.9%
2002
Ibaraki
6.9%
1958
Eskilstuna
5.7%
1986
Zapopan
5.7%
2002
Seogwipo
5.7%
2002
Miyagi
5.7%
1962
Arica
4.6%
1986
Irapuato
4.6%
2002
Jeonju
4.6%
2002
Shizuoka
4.6%
1958
Sandviken
3.4%
1958
Uddevalla
3.4%
1962
Rancagua
3.4%
1986
San Nicolás de los Garza
3.4%
1986
Ciudad Nezahualcóyotl
3.4%
1986
Querétaro
1.1%
Quiz Playlist
Details
Report
Send in Message
Add To Playlist
More Info:
* = More than one Stadium was used in that city at this World Cup
Classic:
Type in answers that appear in a list
Last Updated: Feb 16, 2017
Quiz Scoreboard
CHALLENGE
Sign Up to Join the Scoreboard
Show All
Scores
Hide
Comments
May contain spoilers
Recently Published
Colored Red Africa Blitz
by spor1
Geography
30s
Find the 'City' Movie
by crazypaving
Movies
60s
5x2 Blitz: Bands
by SL_Kpop136
Music
30s
More to Explore
Quiz From the Vault
Featured Blog Post
14 Easter Pick-up Lines to Find Eggs With
hide this ad
You Might Also Like...
Tags
City Quiz
World Quiz
cup
FIFA
least
Matching
Stadiums
Today's Top Quizzes in Sports
Browse Sports
hide this ad
Today's Top Quizzes in City
Browse City
Top Contributed Quizzes in Sports
1
Players with Multiple 50 Home Run Seasons
2
Criteria MLB: Left Handed Sluggers
3
MLB Players with Two .350 Batting Average Seasons
4
Who Hit More Homers?
5
Premier League Clubs since 2000 (minefield)
6
Who Needs Fielders?
7
2020 F1 Drivers Logic Puzzle
8
Les entraîneurs de l'OM et du PSG au 21e siècle
9
Top 10 NHL Goal Scorers of All Time
10
MLB Hall of Famer by Rings
Explore More
Trending Topics
Anime
Crossword
Disney
Marvel
Kpop
Harry Potter
NBA
Country
Pokémon
WWE
Soccer
Song
Puzzle
NFL
The Office
hide this ad
More By:
Yesao
Quiz
Plays
Rating
Category
Featured
Created
Wrestling Stable by Members
468
3.00
Sports
Jul 6, 2012
FIFA World Cup Cities
87
4.50
Sports
Jun 29, 2012
Go to Creator's Profile
Score Distribution
Quiz Creator Spotlight
Yesao
Follow
Send a Message
Quizzes Created
-
Created Quiz Play Count
-
More By This Creator
Popular Quizzes Today
1
Find the 'City' Movie
2
5x2 Blitz: Bands
3
Colored Red Africa Blitz
4
Find the US States - No Outlines Minefield
5
The Countries of the World
6
Find the US States
7
9x9 Crossword: Cartoon Network
8
US States
More Sports Quizzes
Anyone but Kevin Durant
Quiz Lab
Trending Quizzes
Colored Red Europe Blitz I
Colored Red Africa Blitz II
Colored Red Africa Blitz III
Colored Red Europe Blitz III
Colored Red Europe Blitz II
Recently Updated
Champions League XIs: Real Madrid
pecheneg
Largest US Cities 1790-2010
pecheneg
Rides in Walt Disney World
pecheneg
Most Oscar Losses (Acting)
pecheneg
Beyoncé Albums
pecheneg
Leaping Animals
pecheneg
Reality TV Shows (A-Z)
bhenderson79
Rickey Henderson's Hall of Fame Teammates
pecheneg
Champions League XIs: Arsenal
pecheneg
Quick Pick: Celebrities in WWE's Hall of Fame
aduchscher
Trending Topics
Harry Potter
Anime
Marvel
Disney
NBA
Crossword
Kpop
Pokémon
Song
Country
The Office
NFL
Puzzle
Soccer
WWE
Your Account Isn't Verified!
In order to create a playlist on Sporcle, you need to verify the email address you used during registration. Go to your
Sporcle Settings
to finish the process.
Report this User
Report this user for behavior that violates our
Community Guidelines
.
Details:
Send Report
Go to the Sporcle.com Mobile Site →
Comments